Local transport planning and funding (Record no. 106117)

MARC details
000 -LEADER
fixed length control field 00952cam a2200217 4500
001 - CONTROL NUMBER
control field ##L135621
008 - FIXED-LENGTH DATA ELEMENTS--GENERAL INFORMATION
fixed length control field 061116n2006 000 0 eng u
035 ## - SYSTEM CONTROL NUMBER
System control number (Sirsi) u135621
041 0# - LANGUAGE CODE
Language code of text/sound track or separate title eng
050 04 - LIBRARY OF CONGRESS CALL NUMBER
Classification number 711.7 $2 18
110 1# - MAIN ENTRY--CORPORATE NAME
Corporate name or jurisdiction name as entry element United Kingdom
Subordinate unit Parliament
-- House of Commons
-- Select Committee on Transport
9 (RLIN) 4622
245 00 - TITLE STATEMENT
Title Local transport planning and funding
Remainder of title 12th report of session 2005-06
260 ## - PUBLICATION, DISTRIBUTION, ETC.
Place of publication, distribution, etc. London
Name of publisher, distributor, etc. TSO
Date of publication, distribution, etc. 2006
490 #0 - SERIES STATEMENT
Series statement House of Commons Paper
Volume/sequential designation HC 1120
520 ## - SUMMARY, ETC.
Summary, etc. Covers Local Transport Plans (LTPs): a new planning framework, capital funding through LTPs, revenue funding for local transport improvements, transport across city-regions. Provides a list of recommendations.
590 ## - LOCAL NOTE (RLIN)
Local note KA
651 #4 - SUBJECT ADDED ENTRY--GEOGRAPHIC NAME
Geographic name England
Chronological subdivision 886-
690 ## - LOCAL SUBJECT ADDED ENTRY--TOPICAL TERM (OCLC, RLIN)
Topical term or geographic name as entry element PROPERTY-INFRASTRUCTURE
856 40 - ELECTRONIC LOCATION AND ACCESS
Uniform Resource Identifier <a href="https://www.publications.parliament.uk/pa/cm/cmtran.htm">https://www.publications.parliament.uk/pa/cm/cmtran.htm</a>
Public note View the report free of charge at www.publications.parliament.uk...
942 ## - ADDED ENTRY ELEMENTS (KOHA)
Suppress in OPAC 0
Holdings
Withdrawn status Lost status Source of classification or shelving scheme Damaged status Not for loan Home library Current library Shelving location Date acquired Total Checkouts Full call number Barcode Date last seen Copy number Price effective from Koha item type
    Dewey Decimal Classification     Virtual Virtual Online 16/11/2006   ONLINE PUBLICATION 135621-2001 06/08/2019 1 06/08/2019 Book